| 000 | 00728nam a22001457a 4500 | ||
|---|---|---|---|
| 040 | _cMCS (NUST) | ||
| 082 | _a005.8,SHO | ||
| 100 |
_aShoaib Mirza, Natasha Arjumand _9121316 |
||
| 245 |
_aZero - Day Attack Detection Using Security Information & Event Managment (SIEM) / _cNatasha Arjumand Shoaib Mirza |
||
| 260 |
_aRawalpindi _bMCS (NUST) _cApr 2013 |
||
| 300 | _axi81 p, | ||
| 505 | _aIntroduction (Page-10, Literature Review (Page-50, Security Information and Event Managment (SIEM), Zero Day Attack; Advance Persistent Threat (Page-26), zero Day Attack Detection Through SIEM (Page-41), Analysis and Discussion (Page-58)Conclusion and Future Work (Page-68). | ||
| 650 |
_aPG Thesis _935000 |
||
| 942 |
_2ddc _cTHE _k005.8,SHO |
||
| 999 |
_c608163 _d608163 |
||